[Event "Las Palmas Insular-chT Primera-B"]
[Site "Las Palmas"]
[Date "2013.12.21"]
[Round "5.2"]
[White "Marrero Cardenes, Agustin"]
[Black "Rocandio Sanchez, Roberto"]
[Result "1/2-1/2"]
[WhiteElo "2003"]
[BlackElo "2067"]
[PlyCount "49"]
[EventDate "2013.11.09"]
[EventType "team-tourn"]
[EventRounds "14"]
[EventCountry "ESP"]
[SourceTitle "EXT 2015"]
[Source "ChessBase"]
[SourceDate "2014.11.20"]
[SourceVersion "1"]
[SourceVersionDate "2014.11.20"]
[SourceQuality "1"]
[WhiteTeam "Maspalomas"]
[BlackTeam "Estudio Juridicio Hernandez"]
[WhiteTeamCountry "ESP"]
[BlackTeamCountry "ESP"]

1. Nf3 Nf6 2. g3 g6 3. Bg2 Bg7 4. d4 d5 5. 0-0 0-0 6. Nbd2 Nbd7 7. c4 c6 8. a4 Re8 9. b4 e5 10. Nxe5 Nxe5 11. dxe5 Ng4 12. Bb2 Nxe5 13. cxd5 cxd5 14. Ra3 Qd6 15. Rb3 Rd8 16. Nf3 Nxf3+ 17. Bxf3 d4 18. Qd2 Be6 19. Ra3 Rd7 20. Rd1 Rad8 21. Kg2 h5 22. h4 Bd5 23. Bxd5 Qxd5+ 24. Kg1 Qe4 25. Rd3 1/2-1/2

[Event "Canarias-chT"]
[Site "Fuerteventura"]
[Date "2012.06.07"]
[Round "2.3"]
[White "Almenares Garcia, Mario Adrian"]
[Black "Rocandio Sanchez, Roberto"]
[Result "1/2-1/2"]
[WhiteElo "2005"]
[BlackElo "2053"]
[PlyCount "60"]
[EventDate "2012.06.07"]
[EventType "team-tourn"]
[EventRounds "7"]
[EventCountry "ESP"]
[SourceTitle "CBM 148 Extra"]
[Source "ChessBase"]
[SourceDate "2012.06.22"]
[SourceVersion "1"]
[SourceVersionDate "2012.06.22"]
[SourceQuality "1"]
[WhiteTeam "El Sauzal"]
[BlackTeam "Casa Museo El Patio"]
[WhiteTeamCountry "ESP"]
[BlackTeamCountry "ESP"]

1. d4 Nf6 2. c4 e6 3. Nf3 d5 4. Nc3 Be7 5. e3 0-0 6. Bd3 dxc4 7. Bxc4 c5 8. 0-0 Nc6 9. a3 cxd4 10. exd4 b6 11. d5 Na5 12. Ba2 Nxd5 13. Nxd5 exd5 14. Bxd5 Bb7 15. Bxb7 Nxb7 16. Ne5 Bf6 17. Nd7 Re8 18. Qg4 Nc5 19. Nxc5 bxc5 20. Rb1 Rb8 21. b3 Qd5 22. Qa4 Bd4 23. Bf4 Rbd8 24. Bg3 Qd7 25. Qc4 Qe6 26. h3 h5 27. Rbc1 Qxc4 28. Rxc4 Rd7 29. b4 cxb4 30. axb4 Bb6 1/2-1/2

[Event "Gran Canaria Santana Memorial 1st"]
[Site "Gran Canaria"]
[Date "2012.02.18"]
[Round "6"]
[White "Rocandio Sanchez, Roberto"]
[Black "Natalicchio Escalante, Ricardo Nicolas"]
[Result "0-1"]
[WhiteElo "1988"]
[BlackElo "2261"]
[PlyCount "72"]
[EventDate "2012.02.13"]
[EventType "swiss"]
[EventRounds "7"]
[EventCountry "ESP"]
[SourceTitle "CBM 146 Extra"]
[Source "ChessBase"]
[SourceDate "2012.02.29"]
[SourceVersion "1"]
[SourceVersionDate "2012.02.29"]
[SourceQuality "1"]

1. c4 e5 2. Nc3 Nf6 3. Nf3 Nc6 4. g3 d5 5. cxd5 Nxd5 6. Bg2 Nb6 7. 0-0 Be7 8. a3 0-0 9. Rb1 Be6 10. b4 f6 11. d3 a5 12. b5 Nd4 13. Nd2 Qc8 14. e3 Nf5 15. Qe2 Rd8 16. f4 exf4 17. Rxf4 Rb8 18. Be4 Nd6 19. Bg2 Qd7 20. Rd4 Qe8 21. Bb2 Nf5 22. Rxd8 Qxd8 23. Rc1 Qf8 24. Ncb1 Nd6 25. d4 Bd7 26. Nc3 Qe8 27. a4 c6 28. e4 cxb5 29. e5 fxe5 30. dxe5 Ndc4 31. Nxc4 bxc4 32. Re1 Be6 33. Qc2 Bb4 34. Rd1 Bg4 35. Ne2 Qxa4 36. Bd5+ Kh8 0-1

[Event "Gran Canaria Santana Memorial 1st"]
[Site "Gran Canaria"]
[Date "2012.02.13"]
[Round "1"]
[White "Salcedo Izquierdo, Rafael"]
[Black "Rocandio Sanchez, Roberto"]
[Result "0-1"]
[WhiteElo "1442"]
[BlackElo "1988"]
[PlyCount "56"]
[EventDate "2012.02.13"]
[EventType "swiss"]
[EventRounds "7"]
[EventCountry "ESP"]
[SourceTitle "CBM 146 Extra"]
[Source "ChessBase"]
[SourceDate "2012.02.29"]
[SourceVersion "1"]
[SourceVersionDate "2012.02.29"]
[SourceQuality "1"]

1. d4 Nf6 2. c4 e6 3. Nc3 d5 4. e3 Be7 5. Nf3 0-0 6. b3 c5 7. dxc5 Bxc5 8. cxd5 exd5 9. Nd4 Nc6 10. Be2 Re8 11. 0-0 Be6 12. Re1 a6 13. h3 Qd6 14. Bb2 Rad8 15. Rc1 Ba7 16. Bf3 Bb8 17. Nxc6 Qh2+ 18. Kf1 bxc6 19. Qd4 Bc8 20. Ke2 a5 21. Rh1 Ba6+ 22. Kd2 Qc7 23. Kc2 c5 24. Qh4 Qe7 25. Kb1 Bd3+ 26. Ka1 Be5 27. Rhd1 c4 28. Be2 Bxc3 0-1

[Event "Las Palmas-ch"]
[Site "Las Palmas"]
[Date "2011.07.22"]
[Round "3"]
[White "Rocandio Sanchez, Roberto"]
[Black "Falcon Piriz, Gerardo"]
[Result "1-0"]
[WhiteElo "1429"]
[BlackElo "1200"]
[PlyCount "39"]
[EventDate "2011.07.18"]
[EventType "swiss"]
[EventRounds "5"]
[EventCountry "ESP"]
[SourceTitle "EXT 2024"]
[Source "ChessBase"]
[SourceDate "2023.10.10"]
[SourceVersion "1"]
[SourceVersionDate "2023.10.10"]
[SourceQuality "1"]

1. c4 e6 2. e4 d5 3. cxd5 exd5 4. exd5 Qxd5 5. Nc3 Qd8 6. d4 Be7 7. Nf3 Nc6 8. d5 Nb8 9. Bc4 Bd6 10. 0-0 a6 11. Re1+ Ne7 12. Ng5 h6 13. Qh5 g6 14. Qh4 Kf8 15. Nce4 Be5 16. Nxf7 Kxf7 17. d6+ Ke8 18. Nf6+ Bxf6 19. Qxf6 Kd7 20. dxe7 1-0

[Event "Las Palmas-ch"]
[Site "Las Palmas"]
[Date "2011.07.20"]
[Round "2"]
[White "Manchon Santana, Alberto"]
[Black "Rocandio Sanchez, Roberto"]
[Result "0-1"]
[WhiteElo "1284"]
[BlackElo "1429"]
[PlyCount "54"]
[EventDate "2011.07.18"]
[EventType "swiss"]
[EventRounds "5"]
[EventCountry "ESP"]
[SourceTitle "EXT 2024"]
[Source "ChessBase"]
[SourceDate "2023.10.10"]
[SourceVersion "1"]
[SourceVersionDate "2023.10.10"]
[SourceQuality "1"]

1. d4 d5 2. c4 e6 3. Nc3 Be7 4. Nf3 Nf6 5. Bg5 h6 6. Bh4 0-0 7. e3 b6 8. cxd5 Nxd5 9. Bg3 Bb7 10. Bd3 c5 11. Nxd5 Bxd5 12. e4 Bb7 13. dxc5 Bxc5 14. 0-0 Nc6 15. Qe2 Qe7 16. Bf4 Rfd8 17. Be3 Nd4 18. Bxd4 Bxd4 19. Nxd4 Rxd4 20. e5 Rad8 21. Rfd1 Qd7 22. Bc2 Qd5 23. f3 Qc5 24. Kh1 Ba6 25. Qxa6 Qxc2 26. Rg1 Qxb2 27. Qxa7 Qxa1 0-1